| 000 | 00617nab a2200181 4500 | ||
|---|---|---|---|
| 001 | 244442 | ||
| 003 | OSt | ||
| 005 | 20230619162610.0 | ||
| 007 | tu | ||
| 008 | 200917s2020||||||| | ||
| 040 |
_aDE-2950 _cDE-2950 |
||
| 245 | 0 | 0 |
_aGo Mobility verleiht jetzt E-Räder und E-Scooter. _bVerkehr. Nach Bird hat Frankfurt einen neuen Anbieter. Das Unternehmen kommt aus Cottbus. Was Nutzer nun beachten müssen / _cPhilipp Stepputtis |
| 264 | _c2023 | ||
| 653 | _aFrankfurt (Oder) | ||
| 653 | _aE-Mobilität | ||
| 773 | 0 |
_g34. Jahrgang (2023) Nr. 134 vom 12.06.2023, S. 11: mit Foto _tMärkische Oderzeitung |
|
| 942 |
_2z _cA |
||
| 999 |
_c372548 _d372548 |
||